| 000 | 005990000a22002050004500 | ||
|---|---|---|---|
| 020 | _a0-394-74026-2 | ||
| 041 | 0 | _aENG | |
| 082 | 0 | 4 | _aG 176 F762h |
| 100 | 1 | _aFoucault, Michel | |
| 245 | 1 | 0 | _aThe history of sexuality : An introduction / Michel Foucault; Robert Hurley, Traductor |
| 260 | _aNew York, N.Y., USA : Vintage | ||
| 300 | _a168 Pag. | ||
| 500 | _aTítulo original : La volenté de savior | ||
| 650 | 1 | 4 | _aCONDUCTA SEXUAL - HISTORIA |
| 001 | 1314 | ||
| 942 | _cBK | ||
| 999 |
_c32637 _d32637 |
||
| 336 |
_atexto _btxt _2rdacontent |
||
| 337 |
_2rdamedia _asin mediación _bn |
||
| 338 |
_2rdacarrier _avolumen _bnc |
||